St. John's International Airport Destinations (St. John's, Canada) - Statistics

General Stats
  • This quiz has been taken 48 times
    16 since last reset
  • The average score is 10 of 19
Answer Stats
Airline Destination % Correct
Air Canada Express/Porter Airlines Halifax
100%
Air Canada Rouge Montréal (Trudeau)
100%
Air Canada/Flair Airlines/Porter Airlines/WestJet Toronto (Pearson)
100%
Porter Airlines Ottawa
93%
WestJet Calgary
87%
WestJet Edmonton
87%
WestJet London (Gatwick)
73%
Air Saint-Pierre Saint-Pierre
73%
WestJet Winnipeg
67%
PAL Airlines Gander
53%
PAL Airlines Goose Bay
47%
WestJet Paris (Charles de Gaulle)
47%
WestJet Orlando
33%
PAL Airlines Deer Lake
20%
WestJet Dublin
20%
WestJet Tampa
20%
PAL Airlines Wabush
20%
PAL Airlines Churchill Falls
0%
PAL Airlines St. Anthony
0%
No matching quizzes found
Score Distribution
Percent of People with Each Score
Percentile by Number Answered
Your Score History
You have not taken this quiz since the last reset